Common Knowledge - Statistics

General Stats
  • This quiz has been taken 363 times
    338 since last reset
  • The average score is 8 of 10
Answer Stats
Question Answer % Correct
Hitler's party which came into power in 1933 is known as Nazi Party
100%
What is a female lion called Lioness
96%
The tallest land animal in the world Giraffe
92%
The first man to walk on the moon Neil Armstrong
92%
The largest ocean in the world is the Pacific Ocean
84%
What does a barometer measure Atmospheric Pressure
80%
Which of these things can be used to change a tire? Jack
80%
What is the longest river in the world Nile River
72%
What was the first animal to go into space Dog
64%
What does CPR stand for Cardiopulmonary Resuscitation
52%
No matching quizzes found
Score Distribution
Percent of People with Each Score
Percentile by Number Answered
Your Score History
You have not taken this quiz since the last reset